Stade de Football par club #1 : France - Statistiques

Statistiques générales
  • Ce quiz a été pris 631 fois
  • Le résultat moyen est 6 sur 7
Statistiques - réponses
Hint Réponse % Correct
Velodrome OM
99%
Parc des Princes PSG
98%
Groupama Stadium OL
91%
Stade Geoffroy-Guichard (Le Chaudron) AS Saint Etienne
90%
Stade Oceane HAC
90%
Roazhon Park Rennes
85%
Stade Pierre Mauroy LOSC
81%
Aucun quiz correspondant
Distribution des résultats
% des personnes avec chaque résultat
Percentile par nombre de réponses
Votre historique - résultats
Vous n’avez pas pris ce quiz